MARC details
| 000 -LEADER |
| fixed length control field |
02975cam a22007337i 4500 |
| 001 - CONTROL NUMBER |
| control field |
3182 |
| 003 - CONTROL NUMBER IDENTIFIER |
| control field |
FISKH |
| 005 - DATE AND TIME OF LATEST TRANSACTION |
| control field |
20240215160254.0 |
| 008 - FIXED-LENGTH DATA ELEMENTS--GENERAL INFORMATION |
| fixed length control field |
170407t20162015nyuab j 000 1 eng d |
| 010 ## - LIBRARY OF CONGRESS CONTROL NUMBER |
| LC control number |
2016479939 |
| 020 ## - INTERNATIONAL STANDARD BOOK NUMBER |
| International Standard Book Number |
9780545940795 |
| Qualifying information |
(paperback) |
| 020 ## - INTERNATIONAL STANDARD BOOK NUMBER |
| International Standard Book Number |
0545940796 |
| Qualifying information |
(paperback) |
| 020 ## - INTERNATIONAL STANDARD BOOK NUMBER |
| International Standard Book Number |
9781408338858 |
| 035 ## - SYSTEM CONTROL NUMBER |
| System control number |
(OCoLC)ocn922911190 |
| 040 ## - CATALOGING SOURCE |
| Original cataloging agency |
BTCTA |
| Language of cataloging |
eng |
| Transcribing agency |
BTCTA |
| Modifying agency |
YDXCP |
| -- |
OCLCQ |
| -- |
BDX |
| Description conventions |
rda |
| Modifying agency |
GK6 |
| -- |
OCLCO |
| -- |
YW6 |
| -- |
OCLCO |
| -- |
CGP |
| -- |
OCLCF |
| -- |
OCLCO |
| -- |
IGP |
| -- |
OCLCO |
| -- |
RV8 |
| -- |
BPLCP |
| -- |
OCLCO |
| -- |
EHH |
| -- |
DLC |
| 042 ## - AUTHENTICATION CODE |
| Authentication code |
lccopycat |
| 050 00 - LIBRARY OF CONGRESS CALL NUMBER |
| Classification number |
PZ7.M507 |
| Item number |
Gt 2016 |
| 082 04 - DEWEY DECIMAL CLASSIFICATION NUMBER |
| Classification number |
[Fic] |
| Edition number |
23 |
| 100 1# - MAIN ENTRY--PERSONAL NAME |
| Personal name |
Meadows, Daisy, |
| 245 10 - TITLE STATEMENT |
| Title |
Grace Woollyhop's musical mystery / |
| Statement of responsibility, etc. |
Daisy Meadows |
| 260 ## - PUBLICATION, DISTRIBUTION, ETC. |
| Place of publication, distribution, etc. |
London : |
| Name of publisher, distributor, etc. |
Orchard Books, |
| Date of publication, distribution, etc. |
2015. |
| 300 ## - PHYSICAL DESCRIPTION |
| Extent |
104 pages : |
| Other physical details |
map ; illustrations ; |
| Dimensions |
20 cm |
| 336 ## - CONTENT TYPE |
| Content type term |
text |
| Content type code |
txt |
| Source |
rdacontent |
| 337 ## - MEDIA TYPE |
| Media type term |
unmediated |
| Media type code |
n |
| Source |
rdamedia |
| 338 ## - CARRIER TYPE |
| Carrier type term |
volume |
| Carrier type code |
nc |
| Source |
rdacarrier |
| 490 1# - SERIES STATEMENT |
| Series statement |
Magic animal friends ; |
| Volume/sequential designation |
Book 12 |
| 500 ## - GENERAL NOTE |
| General note |
Includes: Excerpt from Amelia Sparkepaw's party problem ; Puzzle fun! ; Lily and Jess's animal facts. |
| 505 ## - FORMATTED CONTENTS NOTE |
| Formatted contents note |
Q<br/> |
| 520 ## - SUMMARY, ETC. |
| Summary, etc. |
"Little lamb Grace Woollyhop is busy getting ready for a concert at Harmony Hall-- until wicked witch Grizelda casts a spell on her! Now instead of making music, Grace just wants to make trouble! Can Jess and Lily break the spell in time for the concert?"--Publisher. |
| 521 ## - TARGET AUDIENCE NOTE |
| Target audience note |
660<br/> |
| Source |
Lexile<br/> |
| 521 ## - TARGET AUDIENCE NOTE |
| Target audience note |
Q<br/> |
| Source |
Raz-Plus<br/> |
| 650 #0 - SUBJECT ADDED ENTRY--TOPICAL TERM |
| Topical term or geographic name entry element |
Girls |
| Form subdivision |
Juvenile fiction. |
| 650 #0 - SUBJECT ADDED ENTRY--TOPICAL TERM |
| Topical term or geographic name entry element |
Animals |
| Form subdivision |
Juvenile fiction. |
| 650 #0 - SUBJECT ADDED ENTRY--TOPICAL TERM |
| Topical term or geographic name entry element |
Cats |
| Form subdivision |
Juvenile fiction. |
| 650 #0 - SUBJECT ADDED ENTRY--TOPICAL TERM |
| Topical term or geographic name entry element |
Lambs |
| Form subdivision |
Juvenile fiction. |
| 650 #0 - SUBJECT ADDED ENTRY--TOPICAL TERM |
| Topical term or geographic name entry element |
Human-animal relationships |
| Form subdivision |
Juvenile fiction. |
| 650 #0 - SUBJECT ADDED ENTRY--TOPICAL TERM |
| Topical term or geographic name entry element |
Friendship |
| Form subdivision |
Juvenile fiction. |
| 650 #0 - SUBJECT ADDED ENTRY--TOPICAL TERM |
| Topical term or geographic name entry element |
Witches |
| Form subdivision |
Juvenile fiction. |
| 650 #0 - SUBJECT ADDED ENTRY--TOPICAL TERM |
| Topical term or geographic name entry element |
Good and evil |
| Form subdivision |
Juvenile fiction. |
| 650 #0 - SUBJECT ADDED ENTRY--TOPICAL TERM |
| Topical term or geographic name entry element |
Imaginary places |
| Form subdivision |
Juvenile fiction. |
| 650 #0 - SUBJECT ADDED ENTRY--TOPICAL TERM |
| Topical term or geographic name entry element |
Magic |
| Form subdivision |
Juvenile fiction. |
| 650 #1 - SUBJECT ADDED ENTRY--TOPICAL TERM |
| Topical term or geographic name entry element |
Sheep |
| Form subdivision |
Fiction. |
| 650 #1 - SUBJECT ADDED ENTRY--TOPICAL TERM |
| Topical term or geographic name entry element |
Concerts |
| Form subdivision |
Fiction. |
| 650 #1 - SUBJECT ADDED ENTRY--TOPICAL TERM |
| Topical term or geographic name entry element |
Magic |
| Form subdivision |
Fiction. |
| 650 #1 - SUBJECT ADDED ENTRY--TOPICAL TERM |
| Topical term or geographic name entry element |
Fantasy. |
| 650 #7 - SUBJECT ADDED ENTRY--TOPICAL TERM |
| Topical term or geographic name entry element |
Animals. |
| Source of heading or term |
fast |
| Authority record control number or standard number |
(OCoLC)fst00809468 |
| 650 #7 - SUBJECT ADDED ENTRY--TOPICAL TERM |
| Topical term or geographic name entry element |
Cats. |
| Source of heading or term |
fast |
| Authority record control number or standard number |
(OCoLC)fst00849374 |
| 650 #7 - SUBJECT ADDED ENTRY--TOPICAL TERM |
| Topical term or geographic name entry element |
Friendship. |
| Source of heading or term |
fast |
| Authority record control number or standard number |
(OCoLC)fst00935174 |
| 650 #7 - SUBJECT ADDED ENTRY--TOPICAL TERM |
| Topical term or geographic name entry element |
Girls. |
| Source of heading or term |
fast |
| Authority record control number or standard number |
(OCoLC)fst00942866 |
| 650 #7 - SUBJECT ADDED ENTRY--TOPICAL TERM |
| Topical term or geographic name entry element |
Good and evil. |
| Source of heading or term |
fast |
| Authority record control number or standard number |
(OCoLC)fst00944894 |
| 650 #7 - SUBJECT ADDED ENTRY--TOPICAL TERM |
| Topical term or geographic name entry element |
Human-animal relationships. |
| Source of heading or term |
fast |
| Authority record control number or standard number |
(OCoLC)fst00963482 |
| 650 #7 - SUBJECT ADDED ENTRY--TOPICAL TERM |
| Topical term or geographic name entry element |
Imaginary places. |
| Source of heading or term |
fast |
| Authority record control number or standard number |
(OCoLC)fst00967571 |
| 650 #7 - SUBJECT ADDED ENTRY--TOPICAL TERM |
| Topical term or geographic name entry element |
Lambs. |
| Source of heading or term |
fast |
| Authority record control number or standard number |
(OCoLC)fst00991032 |
| 650 #7 - SUBJECT ADDED ENTRY--TOPICAL TERM |
| Topical term or geographic name entry element |
Magic. |
| Source of heading or term |
fast |
| Authority record control number or standard number |
(OCoLC)fst01005468 |
| 650 #7 - SUBJECT ADDED ENTRY--TOPICAL TERM |
| Topical term or geographic name entry element |
Witches. |
| Source of heading or term |
fast |
| Authority record control number or standard number |
(OCoLC)fst01176346 |
| 655 #7 - INDEX TERM--GENRE/FORM |
| Genre/form data or focus term |
Action and adventure fiction. |
| Source of term |
fast |
| Authority record control number or standard number |
(OCoLC)fst01921574 |
| 655 #7 - INDEX TERM--GENRE/FORM |
| Genre/form data or focus term |
Fantasy fiction. |
| Source of term |
fast |
| Authority record control number or standard number |
(OCoLC)fst01726607 |
| 655 #7 - INDEX TERM--GENRE/FORM |
| Genre/form data or focus term |
Fiction. |
| Source of term |
fast |
| Authority record control number or standard number |
(OCoLC)fst01423787 |
| 655 #7 - INDEX TERM--GENRE/FORM |
| Genre/form data or focus term |
Juvenile works. |
| Source of term |
fast |
| Authority record control number or standard number |
(OCoLC)fst01411637 |
| 655 #7 - INDEX TERM--GENRE/FORM |
| Genre/form data or focus term |
Fantasy fiction. |
| Source of term |
lcgft |
| 655 #7 - INDEX TERM--GENRE/FORM |
| Genre/form data or focus term |
Action and adventure fiction. |
| Source of term |
lcgft |
| 906 ## - LOCAL DATA ELEMENT F, LDF (RLIN) |
| a |
7 |
| b |
cbc |
| c |
copycat |
| d |
2 |
| e |
ncip |
| f |
20 |
| g |
y-gencatlg |
| 942 ## - ADDED ENTRY ELEMENTS (KOHA) |
| Source of classification or shelving scheme |
Dewey Decimal Classification |
| Koha item type |
Books |
| Suppress in OPAC |
No |